000 00551nam a22001937a 4500
003 MPLRDC
005 20220104123911.0
008 210129b ||||| |||| 00| 0 eng d
020 _a7-5614-0202-3
082 _a550.92 SCJJ
100 _a四川省中国经济史学会编
245 _a抗战时期的大后方经济
_c
250 _a一版一刷
260 _a
_b四川大学出版社
_c1989
300 _b
490 _a中国经济史研究论丛. 第二辑
650 _a经济思想史; 经济学史--中国
942 _cBK
_o550.92 SCJJ
999 _c15085
_d15075